• 首页
  • 本馆介绍
  • 公告通知
  • 最新文献
  • 馆藏检索
  • 电子资源
  • 读者导购
  • 参考咨询
  • 我的图书馆
  • 登录
  • 详细信息显示
  • 放入我的书架
  • 预约/预借图书
  • 作者相关作品
  • 分类相关作品
  • 丛书相关作品
  • 出版社相关作品

书目信息

  • 表格格式
  • 工作单格式
  • 卡片格式
题名:
假如给我三天光明
    
 
作者: 凯勒 著 ;贾昊翔 编译
分册:  
出版信息: 南昌   江西教育出版社  2017
页数: 230页
开本: 24cm
丛书名: 新课标必读丛书
单 册:
中图分类: K837.127=533 , K837.12
科图分类:
主题词:
电子资源:
ISBN: 978-7-5392-9420-9
000 00996oam2 2200277 450
001 2355198465
005 20231109162844.91
010    @a978-7-5392-9420-9@dCNY22.00
100    @a20181129d2017 em y0chiy50 ea
101 0  @achi
102    @aCN@b360000
105    @ay z 000ya
200 1  @a假如给我三天光明@Ajia ru gei wo san tian guang ming@f(美)海伦·凯勒著@g贾昊翔编译
210    @a南昌@c江西教育出版社@d2017
215    @a230页@d24cm
225 1  @a新课标必读丛书
300    @a阅读经典 名师点拨版 无障碍阅读
330    @a本书以自传体的形式展现了海伦·凯勒的盲聋生活,前半部分主要描写了海伦·凯勒变成盲聋人后的生活,后半部分主要描写了海伦·凯勒的求学生涯。
461  0 @12001 @a新课标必读丛书
600  0 @a凯勒@c(Keller, Helen@f1880-1968)@x自传@j缩写
690    @aK837.127=533@v5
690    @aK837.12@v4
701  0 @c(美)@a凯勒@Akai le@c(女, Keller, Helen@f1880~1968)@4著
702  0 @a贾昊翔@Ajia hao xiang@4编译
801  0 @aCN@b山东中教@c20230928
905    @aBZT@dK837.12@e58
    
    假如给我三天光明/(美)海伦·凯勒著/贾昊翔编译.-南昌:江西教育出版社,2017
    230页;24cm.-(新课标必读丛书)
    阅读经典 名师点拨版 无障碍阅读
    
    ISBN 978-7-5392-9420-9:CNY22.00
    本书以自传体的形式展现了海伦·凯勒的盲聋生活,前半部分主要描写了海伦·凯勒变成盲聋人后的生活,后半部分主要描写了海伦·凯勒的求学生涯。
●
相关链接 在五车中查询图书 在当当中查询图书 在豆瓣中查询图书


正题名:假如给我三天光明     索取号:K837.12/58         预约/预借

序号 登录号 条形码 馆藏地/架位号 状态 备注
1 2000970251   2000970251   培训中心一楼图书角/四30架B面3层3列/ [索取号:K837.12/58] 在馆    
2 2000970252   2000970252   培训中心一楼图书角/四30架B面3层3列/ [索取号:K837.12/58] 在馆    
3 2000970253   2000970253   第四书库/四30架B面3层3列/ [索取号:K837.12/58] 在馆    
4 2000970254   2000970254   培训中心一楼图书角/四30架B面3层3列/ [索取号:K837.12/58] 在馆    
5 2000970255   2000970255   第四书库/四30架B面3层3列/ [索取号:K837.12/58] 在馆    
6 2000970256   2000970256   第四书库/四30架B面3层3列/ [索取号:K837.12/58] 在馆    
山东省滨州职业学院图书馆 欢迎您!
大连网信软件有限公司© 版权所有